La Conciliacin̤ de la vida laboral, familiar y personal en la negociacin̤ colectiva de Castilla-La Mancha

Bibliographic Details
Other Authors: Merino Segovia, Amparo, Romero Rd̤enas, Mara̕ Još
Format: Book
Language:Spanish
Published: Albacete : Ediciones Bomarzo, 2009
Subjects:
Online Access:Acceso restringido

MARC

LEADER 00000nam a2200000 a 4500
005 2012061206196.0
007 cr|||| ||||
008 100513s2009 sp 000 0 spa c
020 |a 8496721892 
020 |a 9788496721890 
035 |a 5805 
040 |a vLex 
080 |a 331 
090 |c 3165  |d 3165 
245 0 3 |a La Conciliacin̤ de la vida laboral, familiar y personal en la negociacin̤ colectiva de Castilla-La Mancha  |h [Recurso electrn̤ico] /  |c Mara̕ Jos ̌Romero Rd̤enas (ed.) ; Amparo Merino Segovia... [et al.] 
256 |a Servicio en ln̕ea 
260 |a Albacete :  |b Ediciones Bomarzo,  |c 2009 
300 |a 1 recurso electrn̤ico 
504 |a Bibliografia 
506 1 |a Contenido solo disponible en los productos indicados  |d vLex Global   |d vLex Global (Academic Edition, excluding Law Schools)   |d vLex Global (U.S. Academic Edition, Law Schools)   |d vLex Global (U.S. Academic Edition, excluding Law Schools)   |d vLex Global (Academic Edition, Law Schools)  
650 0 4 |a Conciliacin̤ laboral  |z Castilla la Mancha 
650 0 4 |a Negociaciones colectivas del trabajo  |z Castilla la Mancha 
650 0 4 |a Trabajo y familia  |z Castilla la Mancha 
700 1 |a Merino Segovia, Amparo 
700 1 |a Romero Rd̤enas, Mara̕ Još 
740 0 |a vLex Libros (Servicio en ln̕ea) 
856 4 0 |u http://vlex.com/source/conciliacion-vida-laboral-familiar-personal-negociacion-colectiva-castilla-la-mancha-5805  |z Acceso restringido 
942 |c BOOK 
999 0 |a Work-life balance 
999 0 |a Work and family